Random Things by Synonyms/Bootleg - Statistics

General Stats
  • This quiz has been taken 13 times
  • The average score is 7 of 15
Answer Stats
Synonym Category Answer % Correct
Banana Technology Company Apple
91%
Quietness of the Sheep Movie Silence of the Lambs
91%
To Murder a Mimicking Fowl Book To Kill a Mockingbird
82%
Beneath Protection Clothing Brand Under Armour
82%
Creature Ranch Book Animal Farm
73%
Lord of the Mountain Tv Show King of the Hill
64%
Color it Dark Song Paint it Black
55%
Canadian Maniac Movie American Psycho
45%
Insane Locomotive Song Crazy Train
45%
Battle of Tribes Video Game Clash of Clans
27%
Boats Movie Car's
18%
Outstanding Break Siblings Video Game Super Smash Bros
18%
3 Rich Ladys Tv Show 2 Broke Girls
9%
Snack Region Board Game Candy Land
9%
Comet Currency Food Brand(Certain kind of food in particular) Star Bucks
9%
No matching quizzes found
Score Distribution
Percent of People with Each Score
Percentile by Number Answered
Your Score History
You have not taken this quiz